000 00305nam a22001337a 4500
008 180903b xxu||||| |||| 00| 0 eng d
020 _a9781840226775
041 _aeng
080 _a821
100 _a21
101 _aGJL
245 _aThe Complete Novels of James Joyce
_cSurridge, B
942 _2udc
_cBK
999 _c47487
_d47487